| 000 | 00614nam a22001937a 4500 | ||
|---|---|---|---|
| 003 | dpl | ||
| 005 | 20180709183745.0 | ||
| 008 | 180709b xxu||||| |||| 00| 0 eng d | ||
| 020 | _a9780070607125 | ||
| 035 | _aB-192042 | ||
| 040 |
_aDPL _bEN _c0 |
||
| 100 | _aFoster, Jack | ||
| 245 |
_aIdeaship _b: how to get ideas flowing in your workplace _c/by Jack Foster;illustrated by Larry Corby |
||
| 260 |
_aNew Delhi _bTata Mcgraw-hill _c2001 |
||
| 270 |
_a7 West Patel Nagar, _bNew Delhi _c110008 |
||
| 300 |
_axiii,136p. _bill; _c22cm. |
||
| 600 | _aLarry Corby | ||
| 942 |
_2ddc _cEN _h658.4092 _mFOS |
||
| 999 |
_c153699 _d153699 |
||